The politics of Frenchness in Colonial Algeria, 1930-1954
Αποθηκεύτηκε σε:
| Κύριος συγγραφέας: | |
|---|---|
| Μορφή: | Βιβλίο |
| Γλώσσα: | English |
| Δημοσίευση: |
Rochester :
University of Rochester Press,
2002
|
| Σειρά: | Rochester studies in African history and the diaspora ;
; 14 |
| Θέματα: | |
| Ετικέτες: |
Προσθήκη ετικέτας
Δεν υπάρχουν, Καταχωρήστε ετικέτα πρώτοι!
|
MARC
| LEADER | 00000nam a2200000 i 4500 | ||
|---|---|---|---|
| 001 | 1/91280 | ||
| 008 | 080721s2002 eng d | ||
| 020 | |a 1-58046-105-0 | ||
| 035 | |l 10099095 | ||
| 040 | |a GR-MY-UA |b gre |e aacr | ||
| 041 | 0 | |a eng | |
| 082 | 0 | |a 965.00441 |2 (22) | |
| 100 | 1 | |a Gosnell, Jonathan K. |q (Jonathan Keith) | |
| 245 | 1 | 4 | |a The politics of Frenchness in Colonial Algeria, 1930-1954 / |c Jonathan K. Gosnell |
| 260 | |a Rochester : |b University of Rochester Press, |c 2002 | ||
| 300 | |a xiii, 234 σ.; |c 24 εκ. | ||
| 490 | 1 | |a Rochester studies in African history and the diaspora |v ; 14 | |
| 504 | |a Βιβλιογραφία: σ. 225-229 | ||
| 504 | |a Ευρετήριο: σ. 230-234 | ||
| 650 | 0 | 0 | |a French |z Algeria |x History |y 20th century. |
| 650 | 0 | 0 | |a National characteristics, Algerian. |
| 650 | 0 | 0 | |a National characteristics, French. |
| 651 | 0 | |a France |x Colonies |y Africa |x Administration. | |
| 830 | 0 | |a Rochester studies in African history and the diaspora ; |v ; 14 | |
| 852 | |a INST |b LESVOS |e 20080721 |h 965.00441 GOS |p 005100042745 |q 005100042745 |t BK |y 0 | ||
| 901 | |a BIBL1-2008-2 | ||
| 909 | |a Λ |b 145223 | ||
| 922 | |a 1ΕΛΗ |b 200801 |c ΕΠΕΑΕΚ2/ΤΚΑ |d ΕΛΕΥΘΕΡΟΥΔΑΚΗΣ | ||
| 970 | |a ΧΑΤΖΗΜΙΧΑΗΛ |b ΜΑΡΙΑ |z 2008/07/21 | ||